000
00435nam a2200133Ia 4500
008
100328s9999 xx 000 0 und d
082
_b
19900
100
_a
बनहट्टी राजेंद्र
245
_a
आंब्याची सावली
260
_b
इनामदार बनु
630
_a
आंब्याची सावली
730
_a
आंब्याची सावली
942
_c
BOOK
999
_c
514142
_d
514139